000 00854nam a2200229Ia 4500
003 GCL
005 20240530110037.0
008 140319s9999 xx 000 0 ara d
020 _a9775040248
040 _aGCL /
_cGCL
082 0 4 _a953
_bق/ص ت
100 1 _aصبحى عبدالمنعم
245 1 0 _aتاريخ مصر السياسى والحضارى من الفتح الاسلامى حتى عهد الايوبيين21 هـ - 684 هـ /
_cصبحى عبدالمنعم
260 _aالقاهرة :
_bالعربى للنشر والتوزيع ،
_c1994
300 _a286 ص ؛
_c24 سم
650 0 4 _aالدولة الفاطمية
650 0 4 _aالفتوحات الاسلامية
650 0 4 _aالتاريخ الاسلامى
650 0 4 _aالدولة الطولونية
650 0 4 _aالحضارة الاسلامية
942 _2ddc
_cBK
999 _c58178
_d58178